| 000 | 01067cab a2200325 4500 | ||
|---|---|---|---|
| 001 | ABS46913 | ||
| 008 | 090401t1992 xxu||||| |||| 00| 0 eng d | ||
| 035 | _a(Sirsi) u60116 | ||
| 041 | _aeng | ||
| 100 | _aDooley, J.P. | ||
| 245 | _aRights to light | ||
| 260 | _c1992 | ||
| 350 | _a0 | ||
| 490 |
_aEstates Gazette _v(9231) 8 August 1992, 54-56(3) |
||
| 520 | _aExplains dominancy and serviency, the acquisition of the right to light and how to establish that a right exists, the measurement of light and the developer`s position with a choice of buying the right to light or risking an injunction. | ||
| 650 | _aEASEMENTS | ||
| 650 | _aEXTINGUISHMENT OF RIGHTS TO LIGHT | ||
| 650 | _aLANDS TRIBUNAL | ||
| 650 | _aLIGHT OBSTRUCTION NOTICE | ||
| 650 | _aLIGHT | ||
| 650 |
_aMeasurement _96256 |
||
| 650 | _aPRESCRIPTION ACT 1832 | ||
| 650 | _aRIGHTS OF LIGHT ACT 1959 | ||
| 650 | _aRIGHTS TO LIGHT | ||
| 650 | _aWALDRAM GRAPH | ||
| 690 | _aHIGHWAYS RIGHTS OF WAY AND EASEMENTS | ||
| 700 | _aGunson, M. | ||
| 942 | _n0 | ||
| 948 | _c04/03/1997 | ||
| 999 |
_c37029 _d37029 |
||